000 01279nam a2200397 i 4500
001 37396
003 KOSZ 005
005 20240405063121.0
008 011010s2000 pl f |000 0 pol d
020 _a8388114859
040 _cKOSZ 005
_aKOSZ 005
_dKOSZ 005/HR
041 0 _apl
046 _k2000
080 _a334.75(438)
080 _a347.725(438)
100 1 _aSasiak, Rafał
_eAutor
245 1 0 _aFuzje i przejęcia spółek publicznych /
_cRafał Sasiak.
250 _aStan prawny na 31.12.1999 r., literatura i orzecznictwo -1.10.1999 r.
260 _aKraków :
_b"Zakamycze",
_c2000.
300 _a324, [1] s. ;
_c21 cm.
380 _aKsiążki
388 _a1901-2000
388 _a1989-2000
504 _aBibliogr. s. 313-[325].
648 7 _a1901-2000
648 7 _a1989-2000
650 7 _aFuzja przedsiębiorstw
650 7 _aPrzejęcie przedsiębiorstwa
650 7 _aSpółki kapitałowe
650 7 _aSpółki publiczne
651 7 _aPolska
658 _aPrawo i wymiar sprawiedliwości
710 2 _aKantor Wydawniczy Zakamycze
856 _uhttp://koha.tu.koszalin.pl/cgi-bin/koha/opac-detail.pl?biblionumber=37396
_yKatalog online BPK
942 _cKS
_2UKD
999 _c37396
_d37396